000 00614nam a2200241Ia 4500
003 OSt
005 20220918174609.0
006 a|||||r|||| 00| 0
007 ta
008 220917b |||||||| |||| 00| 0 eng d
024 _a13,047
037 _cTextual
040 _aARTS
_cARTS
_beng
041 _2eng
_aeng
082 _aN4, J7;1
100 _aCaligor Leopold
_951053
245 0 _aNew approach to figure drawing
260 _aIllinois
_bCharles C Thomas
_c1957
300 _a148
_ccm.
650 _aARTS
942 _hN4, J7;1
_cTEXL
_2CC
999 _c153869
_d153869